书目信息 |
| 题名: |
中国古老文化寻踪
|
|
| 作者: | 刘宏军 编著 | |
| 分册: | 隋唐记忆 | |
| 出版信息: | 北京 中国科学技术出版社 2015 |
|
| 页数: | 167页 | |
| 开本: | 30cm | |
| 丛书名: | ||
| 单 册: | ||
| 中图分类: | K203-64 , K240.3-64 | |
| 科图分类: | ||
| 主题词: | 中华文化--zhong hua wen hua--介绍--摄影集 , 中华文化--zhong hua wen hua--文化遗产--介绍--隋唐时代--图录 | |
| 电子资源: | ||
| ISBN: | 978-7-5046-6853-0 | |
| 000 | 01094nam0 22002771 450 | |
| 001 | 1755136129 | |
| 005 | 20170605153957.06 | |
| 010 | @a978-7-5046-6853-0@b精装@dCNY148.00 | |
| 100 | @a20150528d2015 em y0chiy50 ea | |
| 101 | 0 | @achi |
| 102 | @aCN@b110000 | |
| 105 | @aa z 000yy | |
| 106 | @ar | |
| 200 | 1 | @a中国古老文化寻踪@Azhong guo gu lao wen hua xin zong@i隋唐记忆@f(日)刘宏军编著@g(日)刘宏军等供图 |
| 210 | @a北京@c中国科学技术出版社@d2015 | |
| 215 | @a167页@d30cm | |
| 300 | @a国家出版基金项目 | |
| 330 | @a本书以我国的鼎盛时期——隋朝和唐代为时代背景,展现了这个时期中国灿烂的文化。介绍了隋唐伎乐舞乐演艺、隋唐演艺节目古画、唐代乐舞头冠式样、乐舞服饰装饰纹样、佛像雕塑供佛器具、三彩陶瓷器物遗存等隋唐文化遗产项目。 | |
| 517 | 1 | @a隋唐记忆@Asui tang ji yi |
| 606 | 0 | @a中华文化@Azhong hua wen hua@x介绍@j摄影集 |
| 606 | 0 | @a中华文化@Azhong hua wen hua@x文化遗产@x介绍@z隋唐时代@j图录 |
| 690 | @aK203-64@v5 | |
| 690 | @aK240.3-64@v5 | |
| 701 | 0 | @c(日)@a刘宏军@Aliu hong jun@4编著@4供图 |
| 801 | 0 | @aCN@bTANG WEI@c20170601 |
| 905 | @b0972145-7@dK203-64@e234:3@f3 | |
| 中国古老文化寻踪.隋唐记忆/(日)刘宏军编著/(日)刘宏军等供图 .-北京:中国科学技术出版社,2015 |
| 167页;30cm |
| 国家出版基金项目 |
| ISBN 978-7-5046-6853-0(精装):CNY148.00 |
| 本书以我国的鼎盛时期——隋朝和唐代为时代背景,展现了这个时期中国灿烂的文化。介绍了隋唐伎乐舞乐演艺、隋唐演艺节目古画、唐代乐舞头冠式样、乐舞服饰装饰纹样、佛像雕塑供佛器具、三彩陶瓷器物遗存等隋唐文化遗产项目。 |
| ● |
| 相关链接 |
|
|
|
|
正题名:中国古老文化寻踪
索取号:K203-64/234:3
 
预约/预借
| 序号 | 登录号 | 条形码 | 馆藏地/架位号 | 状态 | 备注 |
| 1 | 0972145 | 209721452 | 第二样本阅览室/ [索取号:K203-64/234:3] | 在馆 | |
| 2 | 0972146 | 209721461 | 第二借阅区/ [索取号:K203-64/234:3] | 在馆 | |
| 3 | 0972147 | 209721470 | 密集书库-资源管理系/ [索取号:K203-64/234:3] | 在馆 |